Legislatívne zmeny v nariadení vlády k zákonu o financovaní novela zákona č. 630/2008 Z.z. platná od 1.1.2010

Bibliographic Details
Main Author: Sládečková, Jana (Author)
Format: Article
Language:Slovak
ISSN:1336-9849
Subjects:

MARC

LEADER 00000nab a2200000 ar4500
001 vtls010076690
003 SK-MaSNL
005 20260303050455.0
008 100318c2010 xo |r|p|||a |000 b|slo
015 |a SNBRB2010/03 
038 |a SPK 
040 |a SPKCL  |b slo  |c 2001  |e AACR2 
041 0 |a slo  |b slo 
044 |a xo  |c SK 
072 7 |a 37.014  |x Vzdelávacia a výchovná politika  |2 konspekt 
080 |a 37.014.543  |2 UDC-MRF-SK2 
100 1 |a Sládečková, Jana  |4 aut  |9 869464 
245 1 0 |a Legislatívne zmeny v nariadení vlády k zákonu o financovaní  |b novela zákona č. 630/2008 Z.z. platná od 1.1.2010  |c Jana Sládečková 
546 |a Res. slov. 
650 0 7 |a financovanie školského systému  |2 snkbucl  |9 50061 
773 0 |t Manažment školy : odborný mesačník pre manažment škôl, školských a predškolských zariadení  |g Roč. 5, č. 2 (2010), s. 18-19  |x 1336-9849 
852 |a SPK  |b KIS3GCP 
999 |c 1707608  |d 1709538